书目信息 |
| 题名: |
现代遗传学实验
|
|
| 作者: | 朱睦元 , 王君晖 主编 | |
| 分册: | ||
| 出版信息: | 杭州 浙江大学出版社 2009.05 |
|
| 页数: | 166页 | |
| 开本: | 26cm | |
| 丛书名: | ||
| 单 册: | ||
| 中图分类: | Q3-3 | |
| 科图分类: | ||
| 主题词: | 遗传学--yi chuan xue--实验--高等学校--教材 | |
| 电子资源: | ||
| ISBN: | 978-7-308-06573-3 | |
| 000 | 00977nam0 2200277 450 | |
| 001 | 012009546245 | |
| 005 | 20091230134818.37 | |
| 010 | @a978-7-308-06573-3@dCNY18.00 | |
| 100 | @a20091230d2009 em y0chiy0120 ea | |
| 101 | 0 | @achi |
| 102 | @aCN@b330000 | |
| 105 | @aak z 000yy | |
| 106 | @ar | |
| 200 | 1 | @a现代遗传学实验@Axian dai yi chuan xue shi yan@f主编朱睦元, 王君晖@Fzhu bian zhu mu yuan,wang jun hui |
| 210 | @a杭州@c浙江大学出版社@d2009.05 | |
| 215 | @a166页@c图@d26cm | |
| 300 | @a生物学理科基础人才培养基地教材 | |
| 312 | @a英文并列题名取自封面 | |
| 330 | @a本书主要内容包括:果蝇的饲养、雌雄鉴别和性状观察,果蝇单因子和双因子杂交实验,果蝇的半性遗传,果蝇的三点测验等。 | |
| 510 | 1 | @aExperiments in modern genetics@zeng |
| 606 | 0 | @a遗传学@Ayi chuan xue@x实验@x高等学校@j教材 |
| 690 | @aQ3-3@v4 | |
| 701 | 0 | @a朱睦元@Azhu mu yuan@4主编 |
| 701 | 0 | @a王君晖@Awang jun hui@4主编 |
| 801 | 0 | @aCN@bQSSK@c20091230 |
| 905 | @b769253-55@dQ3-3@eZ868@f3 | |
| 现代遗传学实验/主编朱睦元, 王君晖.-杭州:浙江大学出版社,2009.05 |
| 166页:图;26cm |
| 生物学理科基础人才培养基地教材 |
| ISBN 978-7-308-06573-3:CNY18.00 |
| 本书主要内容包括:果蝇的饲养、雌雄鉴别和性状观察,果蝇单因子和双因子杂交实验,果蝇的半性遗传,果蝇的三点测验等。 |
| ● |
| 相关链接 |
|
|
|
正题名:现代遗传学实验
索取号:Q3-3/Z868
 
预约/预借
| 序号 | 登录号 | 条形码 | 馆藏地/架位号 | 状态 | 备注 |
| 1 | 769253 | 207692530 | 自科库401/401自科库 27排2列1层/ [索取号:Q3-3/Z868] | 在馆 | |
| 2 | 769254 | 207692549 | 自科库401/401自科库 27排2列1层/ [索取号:Q3-3/Z868] | 在馆 | |
| 3 | 769255 | 207692558 | 自科库401/401自科库 27排2列1层/ [索取号:Q3-3/Z868] | 在馆 |